<?xml version="1.0" encoding="UTF-8"?>
<collection xmlns="http://www.loc.gov/MARC21/slim">
    <record>
        <controlfield tag="001">98723</controlfield>
        <controlfield tag="005">20210211114118.0</controlfield>
        <datafield tag="037" ind1=" " ind2=" ">
            <subfield code="a">TAZ-TFG-2020-3381</subfield>
        </datafield>
        <datafield tag="041" ind1=" " ind2=" ">
            <subfield code="a">spa</subfield>
        </datafield>
        <datafield tag="100" ind1="1" ind2=" ">
            <subfield code="a">Delgado Demange, Nicolás</subfield>
        </datafield>
        <datafield tag="242" ind1="0" ind2="0">
            <subfield code="a">The United States-China trade war</subfield>
        </datafield>
        <datafield tag="245" ind1="0" ind2="0">
            <subfield code="a">La guerra comercial entre Estados Unidos y China</subfield>
        </datafield>
        <datafield tag="260" ind1=" " ind2=" ">
            <subfield code="a">Zaragoza</subfield>
            <subfield code="b">Universidad de Zaragoza</subfield>
            <subfield code="c">2020</subfield>
        </datafield>
        <datafield tag="506" ind1=" " ind2=" ">
            <subfield code="a">by-nc-sa</subfield>
            <subfield code="b">Creative Commons</subfield>
            <subfield code="c">3.0</subfield>
            <subfield code="u">http://creativecommons.org/licenses/by-nc-sa/3.0/</subfield>
        </datafield>
        <datafield tag="520" ind1=" " ind2=" ">
            <subfield code="a">El acelerado crecimiento económico y tecnológico de China en las últimas &lt;br />décadas amenaza con desbancar la posición hegemónica de Estados Unidos en el orden &lt;br />internacional. Donald Trump, desde que fuera elegido presidente de EEUU, no ha &lt;br />cesado de imponer aranceles desorbitados a los productos de importación chinos, &lt;br />provocando el inicio de una guerra comercial. China ha respondido con aranceles de &lt;br />represalia sobre productos de importación estadounidenses. La deriva aislacionista que &lt;br />ha tomado Estados Unidos, dada su retirada de numerosos acuerdos multilaterales, &lt;br />apostando así por las relaciones bilaterales, se contrapone a la política de apertura &lt;br />internacional de una China cada vez más propensa al establecimiento de relaciones &lt;br />multilaterales. Tras la incapacidad evidenciada por la Organización Mundial del &lt;br />Comercio para resolver el conflicto, el sistema multilateral de comercio se encuentra &lt;br />sumido en la mayor crisis de su historia. Con todo, las tensiones y hostilidades entre &lt;br />las dos potencias se han impuesto sobre los intentos de negociación y los &lt;br />acercamientos diplomáticos. Las consecuencias económicas y políticas de la presente &lt;br />guerra comercial son inciertas, pero cabe prever que no serán buenas. El mundo &lt;br />acontece al que será uno de los mayores hitos de la historia del siglo XXI, y que &lt;br />determinará con creces la economía global a venir.&lt;br />&lt;br /></subfield>
        </datafield>
        <datafield tag="521" ind1=" " ind2=" ">
            <subfield code="a">Graduado en Derecho</subfield>
        </datafield>
        <datafield tag="540" ind1=" " ind2=" ">
            <subfield code="a">Derechos regulados por licencia Creative Commons</subfield>
        </datafield>
        <datafield tag="700" ind1=" " ind2=" ">
            <subfield code="a">Díez-Ticio Duce, María Amor</subfield>
            <subfield code="e">dir.</subfield>
        </datafield>
        <datafield tag="710" ind1="2" ind2=" ">
            <subfield code="a">Universidad de Zaragoza</subfield>
            <subfield code="b">Estructura e Historia Económicas y Economía Pública</subfield>
            <subfield code="c">Economía Aplicada</subfield>
        </datafield>
        <datafield tag="856" ind1="0" ind2=" ">
            <subfield code="f">691421@unizar.es</subfield>
        </datafield>
        <datafield tag="856" ind1="4" ind2=" ">
            <subfield code="s">855509</subfield>
            <subfield code="u">http://zaguan.unizar.es/record/98723/files/TAZ-TFG-2020-3381.pdf</subfield>
            <subfield code="y">Memoria (spa)</subfield>
        </datafield>
        <datafield tag="909" ind1="C" ind2="O">
            <subfield code="o">oai:zaguan.unizar.es:98723</subfield>
            <subfield code="p">driver</subfield>
            <subfield code="p">trabajos-fin-grado</subfield>
        </datafield>
        <datafield tag="950" ind1=" " ind2=" ">
            <subfield code="a"></subfield>
        </datafield>
        <datafield tag="951" ind1=" " ind2=" ">
            <subfield code="a">deposita:2021-02-11</subfield>
        </datafield>
        <datafield tag="980" ind1=" " ind2=" ">
            <subfield code="a">TAZ</subfield>
            <subfield code="b">TFG</subfield>
            <subfield code="c">DER</subfield>
        </datafield>
        <datafield tag="999" ind1=" " ind2=" ">
            <subfield code="a">20200729202843.CREATION_DATE</subfield>
        </datafield>
    </record>

    
</collection>